| 000 | 01487cam a2200445 a 4500 | ||
|---|---|---|---|
| 001 | 2068173 | ||
| 003 | PILC | ||
| 005 | 20160107144327.0 | ||
| 008 | 940321r19941959nyu 000 1 eng | ||
| 010 | _a 94013429 | ||
| 020 | _a0385474547 (pbk.) | ||
| 040 |
_aDLC _cDLC _dDLC |
||
| 043 |
_af-nr--- _af------ |
||
| 050 | 0 | 0 |
_aPR 9387.9 _b.Ac177 1994 |
| 082 | 0 | 0 |
_aIB 823 _bAc4t 1994 |
| 100 | 1 | _aAchebe, Chinua. | |
| 245 | 1 | 0 |
_aThings fall apart _cChinua Achebe. |
| 250 | _a1st Anchor Books ed. | ||
| 260 |
_aNew York : _bAnchor Books, _c1994. |
||
| 300 |
_a209 p. ; _c21 cm. |
||
| 562 | _e6 | ||
| 650 | 0 |
_aIgbo (African people) _vFiction. |
|
| 650 | 0 |
_aBritish _zNigeria _vFiction. |
|
| 650 | 0 |
_aMen _zNigeria _vFiction. |
|
| 650 | 0 |
_aRace relations _vFiction. |
|
| 651 | 0 |
_aNigeria _vFiction. |
|
| 655 | 7 |
_aHistorical fiction. _2gsafd |
|
| 856 | 4 | 2 |
_3Publisher description _uhttp://www.loc.gov/catdir/description/random046/94013429.html |
| 856 | 4 | 2 |
_3Contributor biographical information _uhttp://www.loc.gov/catdir/enhancements/fy0744/94013429-b.html |
| 856 | 4 | 1 |
_3Sample text _uhttp://www.loc.gov/catdir/enhancements/fy0811/94013429-s.html |
| 906 |
_a7 _bcbc _corignew _d1 _eocip _f19 _gy-gencatlg |
||
| 942 |
_2lcc _cBK |
||
| 999 |
_c1773 _d1773 |
||